Statistiques concernant légumes

Cliquez ici pour prendre le quiz!

Statistiques générales

  • Ce quiz a été pris 101 fois
  • Le résultat moyen est 26 sur 82

Statistiques - réponses

RéponseHint% Correct
carotte
94%
tomate
88%
pomme de terre
81%
chou
79%
courgette
79%
concombre
75%
saladeplusieurs sortes
73%
salade
73%
aubergine
68%
poivron
64%
poireau
62%
chou-fleur
58%
oignon
58%
ail
57%
radis
56%
navet
55%
brocoli
52%
asperges
51%
citrouille
51%
betterave
50%
potiron
49%
céleri
48%
endive
48%
blé
45%
laitue
45%
patate douce
44%
petits pois
44%
chou rouge
43%
haricots verts
43%
artichaut
42%
fenouil
42%
avocat
40%
épinards
39%
maïs
39%
mache
37%
potimarron
36%
piment
35%
choux de Bruxelles
33%
lentilles
31%
champignonsplusieurs espèces
30%
butternut
29%
topinambour
29%
panais
27%
pois chiches
24%
roquette
24%
blettes
21%
riz
21%
rutabaga
21%
tomate cerise
21%
échalote
20%
batavia
19%
cornichon
19%
flageolets
18%
frisée
15%
manioc
14%
cresson
13%
fèves
12%
chou chinois
11%
iceberg
11%
lentilles corail
11%
soja
11%
pois cassés
10%
cèpes
8%
haricots beurre
8%
feuille de chêne
7%
morilles
7%
cébette
6%
patisson
6%
romanesco
6%
algues
5%
champignons de paris
4%
sucrine
4%
truffes
4%
courge spaghetti
2%
crosnes
2%
chanterelles
1%
pleurotes
1%
pois mange-tout
1%
quinoa
1%
girolles
0%
pois gourmands
0%
trompettes de la mort
0%

Distribution des résultats

Percentile par nombre de réponses

% des personnes avec chaque résultat

Votre développement - résultats

Vous n’avez pas pris ce quiz